Asesinos múltiples 1 (Registro nro. 3180)

Detalles MARC
000 -Cabecera
Campo de control de longitud fija 00800aam a2200301 4500
005 - Fecha y hora de la última transacción
Campo de control 20260310182430.0
008 - Elementos de longitud fija--Información general
Campo de control de longitud fija 150316b2011 xxu||||| |||| 00| 0 spa d
020 ## - International Standard Book Number
Número Internacional Estándar del Libro (ISBN) 9789872634216
041 ## - Idioma
Código de idioma Español
082 ## - Clasificación Decimal Dewey
Número de clasificación 364.152.32 G216a
100 ## - Entrada principal--Autor personal
Nombre personal García Roversi, Susana P
9 (RLIN) 9452
245 ## - Título propiamente dicho
Título Asesinos múltiples 1
260 ## - Pie de imprenta
Lugar de publicación, distribución, etc. Argentina
260 ## - Pie de imprenta
Nombre del editor, distribuidor, etc. HS Grupo Editorial
260 ## - Pie de imprenta
Fecha de publicación, distribución, etc. 2011
300 ## - Descripción física
Extensión 736 páginas
490 ## - Serie
Título de la Serie Investigación Criminal
500 ## - Nota general
Nota general Colección. Sin piedad
650 ## - Materia general
Temática (materia general) CRIMINOLOGÍA
650 ## - Materia general
Temática (materia general) ASESINOS
650 ## - Materia general
Temática (materia general) ASESINOS DE MASAS
650 ## - Materia general
Temática (materia general) ASESINOS ITINERANTES
650 ## - Materia general
Temática (materia general) ASESINOS DE FAMILIA
650 ## - Materia general
Temática (materia general) ASESINOS EN LUGARES DE TRABAJO
650 ## - Materia general
Temática (materia general) ASESINOS EN ESCUELAS
650 ## - Materia general
Temática (materia general) ASESINOS DE SECTAS
942 ## - Punto de acceso adicional KOHA
Tipo de ítem KOHA Literatura
Fuente del sistema de clasificación o colocación Dewey Decimal Classification
Existencias
Signatura completa Código de barras Programa Académico Tipo de ítem
364.152.32 G216a 19225 Investigación Criminal Literatura
364.152.32 G216a 17965 Investigación Criminal Literatura
364.152.32 G216a 21072 Investigación Criminal Literatura